100 ý tưởng PR tuyệt hay từ những công ty hàng đầu trên khắp thế giới : 100 Great PR Ideas

Cung cấp 100 ý tưởng PR tuyệt hay từ những công ty hàng đầu trên khắp thế giới

Spremljeno u:
Bibliografski detalji
Glavni autor: Blythe, Jim
Format: Knjiga
Jezik:Undetermined
Izdano: Hà Nội Trẻ 2013
Teme:
Oznake: Dodaj oznaku
Bez oznaka, Budi prvi tko označuje ovaj zapis!
Thư viện lưu trữ: Trung tâm Học liệu Trường Đại học Cần Thơ
LEADER 00840nam a2200229Ia 4500
001 CTU_180681
008 210402s9999 xx 000 0 und d
020 |c 80000 
082 |a 659.2 
082 |b B661 
100 |a Blythe, Jim 
245 0 |a 100 ý tưởng PR tuyệt hay từ những công ty hàng đầu trên khắp thế giới : 
245 0 |b 100 Great PR Ideas 
245 0 |c Jim Blythe; Mạc Tú Anh, Hoàng Phương (dịch) 
260 |a Hà Nội 
260 |b Trẻ 
260 |c 2013 
520 |a Cung cấp 100 ý tưởng PR tuyệt hay từ những công ty hàng đầu trên khắp thế giới 
650 |a Public relation,Quan hệ công chúng 
904 |i Thuý Vi 
910 |a Nguyên 
980 |a Trung tâm Học liệu Trường Đại học Cần Thơ